Super Loopy Word Ladder Quiz Stats

Quiz Updated Jun 3, 2016

Challenge
Share
Tweet
Embed
Score 0/57 Timer 06:00
0 Plays Today
Clue Word % Correct
Not deadALIVE
98.6%
The C in C.S. LewisCLIVE
94%
Wonderland visitorALICE
92.1%
Capital of FrancePARIS
85.8%
Ten-cent coinsDIMES
85.6%
BackboneSPINE
85.4%
Apple remainsCORES
85%
Radiate, like the sunSHINE
84.5%
Whitman and DisneyWALTS
82.2%
Honored womenDAMES
82.1%
Be an authorWRITE
82.1%
Jangly moneyCOINS
81.3%
Austen, Fonda, and SeymourJANES
81.3%
Serves tables at a restaurantWAITS
80.9%
Where you might get kickedSHINS
80.7%
Bible-authorizing kingJAMES
80.1%
1960s singer JoplinJANIS
80.1%
Beard localesCHINS
79.6%
Toe callusesCORNS
79.3%
Part of BritainWALES
78.8%
What eyelids sometimes doBLINK
76.9%
Hasbro toy: Lite-_____BRITE
76.6%
Pizza servingSLICE
75.9%
Court ordersWRITS
75.8%
Cabs for hireTAXIS
75.7%
Not filled inBLANK
75.3%
_____ AngelicusPANIS
72.8%
Pickling solutionBRINE
72.7%
Edge of a cliffBRINK
71.3%
Clue Word % Correct
Hunger forCRAVE
71.1%
Increases, like the moonWAXES
71.1%
One of B. Franklin's certaintiesTAXES
70.8%
Musical clap-stickCLAVE
69.6%
Eat like a cowGRAZE
67.5%
Wildly popular fadCRAZE
66.2%
Put frosting on a pastryGLAZE
65.7%
Certain sodasCOKES
64.6%
An army has a right oneFLANK
63.7%
Float on the airGLIDE
61.9%
Smooth, slipperySLICK
61%
Show the wayGUIDE
60.7%
Woodland meadowGLADE
60%
Movie, colloquiallyFLICK
59.4%
What oxen are attached toYOKES
58.5%
That's scary!YIKES!
57.7%
Petty maliceSPITE
57.4%
A Toyota car modelYARIS
57.2%
Padded bedcoverQUILT
56%
Polder holdersDIKES
55.5%
Deceitful cunningGUILE
53.7%
Legal culpabilityGUILT
53.1%
Publicity agentFLACK
52.2%
Luxury hotel accommodationSUITE
52%
Feature on a Cartesian planeY-AXIS
49.2%
Indeed, veryQUITE
44.7%
24 sheets of paperQUIRE
23.8%
Short riding whipQUIRT
23.6%

You're not logged in!

Compare scores with friends on all Sporcle quizzes.
Sign Up with Email
OR
Log In

You Might Also Like...

Show Comments

Extras

Top Quizzes Today


Score Distribution

Your Account Isn't Verified!

In order to create a playlist on Sporcle, you need to verify the email address you used during registration. Go to your Sporcle Settings to finish the process.